Biocatalysis for the pharmaceutical industry discovery, development, and manufacturing /

Bibliographic Details
Main Author: Tao, Junhua.
Corporate Author: ProQuest (Firm)
Other Authors: Lin, Guoqiang., Liese, A.
Format: Electronic eBook
Language:English
Published: Singapore ; Hoboken : Wiley, c2009.
Subjects:
Online Access:Click to View
LEADER 01359nam a2200361Ia 4500
001 EBC479834
003 MiAaPQ
005 20200520144314.0
006 m o d |
007 cr cn|||||||||
008 081022s2009 si a sb 001 0 eng d
010 |z  2008045613 
020 |z 9780470823149 (cloth) 
035 |a (MiAaPQ)EBC479834 
035 |a (Au-PeEL)EBL479834 
035 |a (CaPaEBR)ebr10325816 
035 |a (CaONFJC)MIL238209 
035 |a (OCoLC)609854660 
040 |a MiAaPQ  |c MiAaPQ  |d MiAaPQ 
050 4 |a RS380  |b .T36 2009 
100 1 |a Tao, Junhua. 
245 1 0 |a Biocatalysis for the pharmaceutical industry  |h [electronic resource] :  |b discovery, development, and manufacturing /  |c Junhua Tao, Guoqiang Lin, Andreas Liese. 
260 |a Singapore ;  |a Hoboken :  |b Wiley,  |c c2009. 
300 |a x, 324 p. :  |b ill. 
504 |a Includes bibliographical references and index. 
533 |a Electronic reproduction. Ann Arbor, MI : ProQuest, 2015. Available via World Wide Web. Access may be limited to ProQuest affiliated libraries. 
650 0 |a Pharmaceutical biotechnology. 
650 0 |a Enzymes  |x Biotechnology. 
655 4 |a Electronic books. 
700 1 |a Lin, Guoqiang. 
700 1 |a Liese, A.  |q (Andreas) 
710 2 |a ProQuest (Firm) 
856 4 0 |u https://ebookcentral.proquest.com/lib/matrademy/detail.action?docID=479834  |z Click to View